<?xml version="1.0" encoding="UTF-8"?>
<marc:record xmlns:marc="http://www.loc.gov/MARC21/slim">
   <marc:leader>00000nam a2200000 a 4500</marc:leader>
   <marc:datafield ind1="1" ind2=" " tag="100">
      <marc:subfield code="a">Braden, Gregg</marc:subfield>
      <marc:subfield code="4">aut</marc:subfield>
      <marc:subfield code="e">Verfasser/-in</marc:subfield>
   </marc:datafield>
   <marc:datafield ind1=" " ind2=" " tag="653">
      <marc:subfield code="a">Softcover / Sachbücher/Spiritualität</marc:subfield>
   </marc:datafield>
   <marc:datafield ind1=" " ind2=" " tag="653">
      <marc:subfield code="a">spirituelles Erwachen</marc:subfield>
   </marc:datafield>
   <marc:datafield ind1=" " ind2=" " tag="653">
      <marc:subfield code="a">Bewusstseinserweiterung</marc:subfield>
   </marc:datafield>
   <marc:datafield ind1=" " ind2=" " tag="653">
      <marc:subfield code="a">göttlicher Code in der DNA</marc:subfield>
   </marc:datafield>
   <marc:datafield ind1=" " ind2=" " tag="653">
      <marc:subfield code="a">spirituelle Transformation</marc:subfield>
   </marc:datafield>
   <marc:datafield ind1=" " ind2=" " tag="653">
      <marc:subfield code="a">Selbstermächtigung durch Spiritualität</marc:subfield>
   </marc:datafield>
   <marc:datafield ind1=" " ind2=" " tag="653">
      <marc:subfield code="a">Kritik an künstlicher Intelligenz</marc:subfield>
   </marc:datafield>
   <marc:datafield ind1=" " ind2=" " tag="653">
      <marc:subfield code="a">Gefahren des Transhumanismus</marc:subfield>
   </marc:datafield>
   <marc:datafield ind1=" " ind2=" " tag="653">
      <marc:subfield code="a">Erwachen des reinen Menschen</marc:subfield>
   </marc:datafield>
   <marc:datafield ind1=" " ind2=" " tag="653">
      <marc:subfield code="a">Mensch vs. Maschine</marc:subfield>
   </marc:datafield>
   <marc:datafield ind1=" " ind2=" " tag="653">
      <marc:subfield code="a">spirituelle Persönlichkeitsentwicklung</marc:subfield>
   </marc:datafield>
   <marc:datafield ind1=" " ind2=" " tag="653">
      <marc:subfield code="a">spirituelle Selbsthilfe</marc:subfield>
   </marc:datafield>
   <marc:datafield ind1=" " ind2=" " tag="653">
      <marc:subfield code="a">Grenzwissenschaften und Spiritualität</marc:subfield>
   </marc:datafield>
   <marc:datafield ind1=" " ind2=" " tag="653">
      <marc:subfield code="a">esoterische Lebenshilfe</marc:subfield>
   </marc:datafield>
   <marc:datafield ind1=" " ind2=" " tag="653">
      <marc:subfield code="a">Bewahrung der menschlichen Essenz</marc:subfield>
   </marc:datafield>
   <marc:datafield ind1=" " ind2=" " tag="653">
      <marc:subfield code="a">spirituelle Perspektive auf Technologie</marc:subfield>
   </marc:datafield>
   <marc:datafield ind1=" " ind2=" " tag="653">
      <marc:subfield code="a">Long-Tail Keywords für Spiritualität</marc:subfield>
   </marc:datafield>
   <marc:datafield ind1=" " ind2=" " tag="653">
      <marc:subfield code="a">semantische Suchmaschinenoptimierung</marc:subfield>
   </marc:datafield>
   <marc:datafield ind1=" " ind2=" " tag="653">
      <marc:subfield code="a">E-E-A-T Prinzipien im SEO</marc:subfield>
   </marc:datafield>
   <marc:datafield ind1=" " ind2=" " tag="653">
      <marc:subfield code="a">Voice Search Optimierung</marc:subfield>
   </marc:datafield>
   <marc:datafield ind1=" " ind2=" " tag="653">
      <marc:subfield code="a">AI-gestützte Content-Erstellung</marc:subfield>
   </marc:datafield>
   <marc:datafield ind1="0" ind2="0" tag="245">
      <marc:subfield code="a">Pure human</marc:subfield>
   </marc:datafield>
   <marc:datafield ind1="0" ind2="0" tag="245">
      <marc:subfield code="b">Menschsein als Superkraft - die wahre Evolution beginnt in dir</marc:subfield>
   </marc:datafield>
   <marc:datafield ind1="0" ind2="0" tag="245">
      <marc:subfield code="c">Gregg Braden</marc:subfield>
   </marc:datafield>
   <marc:datafield ind1=" " ind2="1" tag="264">
      <marc:subfield code="a">Rosenheim</marc:subfield>
      <marc:subfield code="b">MOMANDA</marc:subfield>
   </marc:datafield>
   <marc:datafield ind1="1" ind2=" " tag="520">
      <marc:subfield code="a">Sind wir die letzte Generation reiner Menschen?

Wir stehen an einem historischen Wendepunkt. Ohne ein tiefgreifendes Umdenken könnte unsere Generation die letzte sein, die noch vollständig menschlich ist. In wenigen Jahrzehnten könnten wir zu einer hybriden Spezies aus synthetischen Körpern, künstlicher Intelligenz (KI) und implantierten Chips werden.

Doch was verlieren wir dabei?

Diese Technologien bedrohen unsere Fähigkeit zu eigenständigem Denken, Liebe und emotionaler Verbundenheit. Noch gravierender: Wir könnten das verlieren, was uns als Menschen einzigartig macht – Empathie, Intuition, Intimität und Vergebung.

Doch wir sind weit mehr, als man uns erzählt hat.

Unsere DNA birgt eine verborgene Botschaft – eine Erinnerung an unsere wahre Natur und unser grenzenloses Potenzial. Neue wissenschaftliche Erkenntnisse zeigen: Unsere natürlichen Fähigkeiten sind in vielen Bereichen mindestens ebenbürtig, oft sogar leistungsfähiger als KI, chemische Eingriffe oder Nanotechnologie. Doch je mehr wir uns auf künstliche Systeme verlassen, desto mehr verkümmern unsere biologischen Kräfte – bis sie eines Tages ganz verschwinden.

Dieses Buch ist ein Weckruf – und eine Reise zurück zum Wesentlichen.

Sie erfahren:

warum wir an der Schwelle zum Transhumanismus stehen

wie moderne Technologien unsere Menschlichkeit verdrängen

was Ihre DNA über Ihr verborgenes Potenzial verrät

weshalb Intuition, Empathie und Bewusstsein unsere wahren Superkräfte sind

wie wir den Wettlauf mit der künstlichen Intelligenz bestehen können

was es braucht, um unsere ureigene Stärke wieder zu aktivieren

Sind Sie bereit, Ihr einzigartiges Menschsein zu bewahren?

Die Antwort liegt in der Art und Weise, wie wir über uns selbst denken.
</marc:subfield>
   </marc:datafield>
   <marc:datafield ind1=" " ind2=" " tag="020">
      <marc:subfield code="a">9783956281440</marc:subfield>
      <marc:subfield code="9">9783956281440</marc:subfield>
   </marc:datafield>
   <marc:datafield ind1=" " ind2=" " tag="020">
      <marc:subfield code="a">3956281446</marc:subfield>
      <marc:subfield code="9">3956281446</marc:subfield>
   </marc:datafield>
   <marc:datafield ind1=" " ind2=" " tag="041">
      <marc:subfield code="a">ger</marc:subfield>
   </marc:datafield>
   <marc:datafield ind1=" " ind2=" " tag="300">
      <marc:subfield code="a">384 Seiten</marc:subfield>
   </marc:datafield>
</marc:record>
